| 000 | 01730nam0a2200361 i 4500 | ||
|---|---|---|---|
| 001 | RU\NLR\BIBL_A\010355958 | ||
| 005 | 20260503061325.0 | ||
| 010 |
_a9785911348489 _bФОРУМ _9300 |
||
| 010 |
_a978-5-16-009543-1 _bИНФРА-М _9300 |
||
| 021 |
_aRU _b14-18806 |
||
| 035 | _a(NILC)RuMoRGB-006761183 | ||
| 035 | _a(NLR Aleph) 010355958 | ||
| 090 |
_a10762772 _c10762772 |
||
| 100 | _a20140513d2014 um y0rusy50 ca | ||
| 101 | 0 | _arus | |
| 102 | _aRU | ||
| 105 | _aa|||j||||01yy | ||
| 200 | 1 |
_aЭкология техносферы _eпрактикум _eучебное пособие для студентов высших технических учебных заведений _fС. А. Медведева, С. С. Тимофеева |
|
| 210 |
_aМосква _cФорум _d2014 |
||
| 215 |
_a199 с. _cил. _d21 |
||
| 225 | 1 | _aВысшее образование | |
| 320 | _aБиблиогр.: с. 155 | ||
| 606 | 1 |
_aОкружающая среда _jУчебные издания для высших учебных заведений _xЗагрязнение техногенное _xГигиеническая оценка _92239850 _3RU\NLR\AUTH\661344072 |
|
| 675 | _a502/504(075.8) | ||
| 686 | 1 | _aР121.101я73 | |
| 700 | 1 |
_7ca _8rus _aМедведева _bС. А. _cд-р хим. наук _gСветлана Алексеевна _3RU\NLR\AUTH\770133985 _9133951 |
|
| 701 | 1 |
_7ca _8rus _aТимофеева _bС. С. _cд-р техн. наук, канд. хим. наук _f1947- _gСветлана Семеновна _981986 _3RU\NLR\AUTH\7799060 |
|
| 801 | 0 |
_aRU _bRuMoRKP _c20140317 _gRCR |
|
| 801 | 2 |
_aRU _bРГБ _c20140327 _grcr |
|
| 942 | _cBOOK | ||
| 980 | _aNBR | ||